00306 2200133 4500001002100000005001500021035002000036245004500056300000800101260003100109082000800140084001200148990001200160INLIS00000000000240120250528120848 a0010-0525000693 aRelung-Relung Gelap Hati Sisi /cMira W. a270 aJakarta :bGramedia,c2000 a813 a813 REL a0713419